000 01276nam a2200241 u 4500
001 000467849
003 AM-YeHGA
005 20250617133748.0
008 050214s2005 ai a r 000 0 arm d
040 _aAM-YeHGA
041 0 _aarm
100 1 _aՊողոսյան, Հովսեփ
245 1 0 _aԱշխատանքային պայմանագրեր :
_bՀՀ աշխատանքային նոր օրենսգիրք /
_cՀ. Պողոսյան, Ս. Ասատրյան, Օ. Հովհաննիսյան; Խմբ.` Գ. Նազարյան-Սեյրանյան.
246 1 4 _aՀՀ աշխատանքային նոր օրենսգիրք
260 _aԵրևան :
_bSP print,
_c2005-.
300 _aգիրք.
505 1 0 _gԳ. 1 (2005, 160 էջ)
_gԳ. 2 (տպ. Ինտեր Կռնակ, 2006, 176 էջ, աղյս.) :
_tԳործատուի ներքին և անհատական իրավական ակտեր
_gԳ. 3 (2007, 175 էջ, աղյս.) :
_tԱշխատողի անձնական տվյալների մշակումը
650 1 4 _aԱշխատանքային օրենսգիրք
_xԱշխատանքային պայմանագրեր
700 1 _aԱսատրյան, Սեդրակ
700 1 _aՀովհաննիսյան, Օլգա
700 1 _aՆազարյան-Սեյրանյան, Գայանե
_eխմբ.
_4edt
090 _c172147
999 _c170709
_d170709